LEADER 01192naa a2200229 u 4500 001 000000096693 003 CaOOAMICUS 005 20070226130147.0 008 041112s1997 it u000 u ita u 020 $a888604335X 035 $a11015161 040 $aIAR$bita 100 1 $aNovi Chavarria, Elisa.$0(OLS)http://pul/name/49836 245 10$aMonachesimo femminile nel Mezziogiorno nei secoli XVI-XVII /$cElisa Novi Chavarria. 260 $aS. Pietro in Cariano (VR) :$bIl segno dei Gabrielli,$c1997. 300 $aS. 339-368 ;$c24 cm 773 0 $aIl monachesimo femminile in Italia dall'Alto Medioevo al secolo XVII a confronto con l'oggi. 773 0 $tScuola di memoria storica$g6 773 0 $aCentro di studi farfensi.$tIl monachesimo femminile in Italia dall'Alto Medioevo al secolo XVII a confronto con l'oggi : Atti del VI convegno del "Centro di studi farfensi", Santa Vittoria in Matenano, 21-24 Settembre 1995$w()33737 996 $6020$a888604335X$9(OLS)http://pul/number/42350 996 $6245$aMonachesimo femminile nel Mezziogiorno nei secoli XVI-XVII$9(OLS)http://pul/title/123575 996 $6260$aS. Pietro in Cariano (VR) :$bIl segno dei Gabrielli$9(OLS)http://pul/publisher/61827 LEADER 01573nam a2200289 a 4500 001 000000157899 003 CaOOAMICUS 005 20170116101859.0 008 170116s1939 sz m 001 u ger r 032 $aLibriCat 040 $aPUL$bita 100 1 $aAbgottspon, German,$cO.F.M. Cap.$0(OLS)http://pul/name/100810 245 10$aP. Valerianus Magni Kapuziner (1586-1661) :$bsein Leben im allgemeinen, seine apostolische Tätigkeit in Böhmen im besonderen. Ein Beitrag zur geschichte der katholischen restauration im 17. Jahrhundert /$cvon P. German Abgottspon O.M. Cap. 260 $aOlten :$bWalter,$c1939. 260 $aOlten :$bWalter,$c1939. 300 $aXV, 99 p. ;$c23 cm. 502 $aTesi -- Pontificia Universitas Gregoriana. 1939. 504 $aBibliografia in nota. 600 14$aMagni, Valeriano,$cO.F.M. Cap.,$d1586-1661.$0(OLS)http://pul/subject/44125 710 2 $aPontificia Università Gregoriana.$bFacoltà di storia ecclesiastica.$kTesi.$0(OLS)http://pul/name/11264 850 $aPUL 852 $aPUL$W1$xDP1 Tesi Pon. Univ. Gregoriana$y40$mTH PUG 194$j181230$qTesi$B184363$CPULBib$Z2$F184363 $82 941 1 $a16 996 $6245$aP. Valerianus Magni Kapuziner (1586-1661) :$bsein Leben im allgemeinen, seine apostolische Tätigkeit in Böhmen im besonderen. Ein Beitrag zur geschichte der katholischen restauration im 17. Jahrhundert$9(OLS)http://pul/title/197492 996 $6260$aOlten :$bWalter$9(OLS)http://pul/publisher/84431 996 $6260$aOlten :$bWalter$9(OLS)http://pul/publisher/84431